| 000 | 00866nam a2200229Ia 4500 | ||
|---|---|---|---|
| 003 | OSt | ||
| 005 | 20210817154306.0 | ||
| 008 | 210310s1993 ck ad gr 000 0dspa d | ||
| 020 | _a9583300519 | ||
| 040 |
_aCO-JMCR _cCO-JMCR |
||
| 041 | 0 | _aspa | |
| 082 | 0 | 4 |
_a330.01 / _bS218t _223 |
| 100 | 1 |
_aSandoval Betancourth, Gustavo Adolfo, _917008 _eautor |
|
| 245 | 1 | 0 |
_aTeoría del dinero, el ahorro y el desempleo de equilibrio / _cGustavo Sandoval Betancourth |
| 250 | _aPrimera edición | ||
| 260 |
_aBogotá : _bArfo Ltda., _c1993 |
||
| 300 |
_a153 páginas : _bilustraciones y gráficas a blanco y negro ; _c20 cm. |
||
| 500 | _aIncluye notas a pie de página y datos biográficos y fotografía del autor. | ||
| 505 | 0 | _aTeoría del dinero -- Teoría del ahorro -- Teoría del desempleo de equilibrio | |
| 650 | 1 | 4 |
_aTeoría económica _917010 |
| 942 |
_2ddc _cBK |
||
| 999 |
_c8348 _d8348 |
||